000 00541nam a2200181Ia 4500
001 4455
005 20260306145757.0
008 260306t2007||||xx |||||||||||||| ||spa||
041 _aESP
082 _a322.10985
_bR92
100 _aRuda Santolaria, Juan José
_eAUT
245 0 _aRelaciones entre la iglesia católica y el estado peruano:
_breflexiones y ponencias del evento realizado en el mes de noviembre de 2006
260 _c2007
300 _a145 páginas :
_c21 cm.
650 _aGEN
654 _aCHU
942 _cLIB
_dJUS
_fJUS
_2ddc
_n
999 _c4455
_d4455